000 00475nam a2200193Ia 4500
005 20240823025925.0
008 240823s9999||||xx |||||||||||||| ||und||
020 _a978-81-8489-367-0
041 _aENGLISH
082 _A620.5 Q0
100 _aOhtsu M
245 0 _aNear-Field Nano/Atom Optics and Technology
250 _a1st
260 _c2010
_bSpringer International Ed
500 _aYES
650 _aNano/Atom
_bNano Technology
942 _cBK
999 _c187476
_d187476